Law quetions and answers: family law. / (Record no. 5596)
[ view plain ]
| 000 -LEADER | |
|---|---|
| fixed length control field | 00993nam a22001817a 4500 |
| 008 - FIXED-LENGTH DATA ELEMENTS--GENERAL INFORMATION | |
| fixed length control field | 150702b xxu||||| |||| 00| 0 eng d |
| 020 ## - INTERNATIONAL STANDARD BOOK NUMBER | |
| International Standard Book Number | 185431307X |
| 050 ## - LIBRARY OF CONGRESS CALL NUMBER | |
| Classification number | KD750.Z9 |
| 100 ## - MAIN ENTRY--PERSONAL NAME | |
| Personal name | BARTON,Chris. |
| 245 ## - TITLE STATEMENT | |
| Title | Law quetions and answers: family law. / |
| Statement of responsibility, etc. | Chris Barton |
| 260 ## - PUBLICATION, DISTRIBUTION, ETC. | |
| Place of publication, distribution, etc. | London: |
| Name of publisher, distributor, etc. | Press limited, |
| Date of publication, distribution, etc. | 1994. |
| 300 ## - PHYSICAL DESCRIPTION | |
| Extent | xviii,270p.: |
| Dimensions | 22cm. |
| 500 ## - GENERAL NOTE | |
| General note | Includes index. |
| 505 ## - FORMATTED CONTENTS NOTE | |
| Formatted contents note | Contents: Introduction: exam technique -- Family law:marriage,weddings and Cohabitation -- Nullity -- Divorce and judicial separation -- Domestic violence -- Children:an overview;general principles, status and wardship -- Assisted reproduction -- Adoption -- Children: private ordering -- Children and the local authority -- Property rights -- Welfare benefits and taxation -- Financial relief for adults: the courts -- Child support:the state and the courts -- Domestic partnership contracts -- Putting it all together. |
| 700 ## - ADDED ENTRY--PERSONAL NAME | |
| Personal name | Doupe, Hilary |
| 700 ## - ADDED ENTRY--PERSONAL NAME | |
| Personal name | Hibbs, Mary |
| 942 ## - ADDED ENTRY ELEMENTS (KOHA) | |
| Source of classification or shelving scheme | Library of Congress Classification |
| Koha item type | Books |
| Withdrawn status | Lost status | Source of classification or shelving scheme | Damaged status | Not for loan | Home library | Current library | Shelving location | Date acquired | Total Checkouts | Full call number | Barcode | Date last seen | Price effective from | Koha item type |
|---|---|---|---|---|---|---|---|---|---|---|---|---|---|---|
| Library of Congress Classification | WISCONSIN INTERNATIONAL UNIVERSITY COLLEGE, GHANA - MAIN LIBRARY | WISCONSIN INTERNATIONAL UNIVERSITY COLLEGE, GHANA - MAIN LIBRARY | Law Library | 02/07/2015 | KD750.Z9 | 096/15 | 02/07/2015 | 02/07/2015 | Books |
